Normal view
MARC view
- Venkataramaiah, C
Entry Personal Name
001 - CONTROL NUMBER
- control field: 7434
003 - CONTROL NUMBER IDENTIFIER
- control field: OSt
005 - DATE AND TIME OF LATEST TRANSACTION
- control field: 20250423150749.0
008 - FIXED-LENGTH DATA ELEMENTS
- fixed length control field: 250423|| aca||aabn | a|a d
040 ## - CATALOGING SOURCE
- Original cataloging agency: OSt
- Transcribing agency: OSt
100 ## - HEADING--PERSONAL NAME
- Personal name: Venkataramaiah, C
670 ## - SOURCE DATA FOUND
- Source citation: Work cat.: (OSt)8972: Venkataramaiah, C ., Geo-technical engineering / , 1993.
